Contratos de colaboración empresaria: agrupaciones de colaboración uniones transitorias de empresas joint venture

Kaydedildi:
Detaylı Bibliyografya
Asıl Yazarlar: Zaldivar, Enrique (Yazar), Manovil, Rafael M (Yazar), Ragazzi, Guillermo E (Yazar)
Materyal Türü: Kitap
Dil:İspanyolca
Baskı/Yayın Bilgisi: Buenos Aires Abeledo-Perrot 1989
Edisyon:2a. ed
Konular:
Etiketler: Etiketle
Etiket eklenmemiş, İlk siz ekleyin!

MARC

LEADER 00000nam a2200000 a 4500
001 UCI7899
003 CL-VaPUC
008 080731e19890000AG |||||||||||||||||spa|d
020 |a 9502005420 
082 0 4 |a 346.0682  |b ZAL  |2 21 
100 0 |a Zaldivar, Enrique  |e author  |9 531296 
700 0 |a Manovil, Rafael M  |e author  |9 531297 
700 0 |a Ragazzi, Guillermo E  |e author  |9 531298 
245 1 0 |a Contratos de colaboración empresaria: agrupaciones de colaboración uniones transitorias de empresas joint venture 
250 |a 2a. ed 
300 |a 251 p 
942 |c BK 
945 |d 20080731 00:00:00  |a rbrito 
260 |a Buenos Aires  |b Abeledo-Perrot  |c 1989 
650 7 |a CONTRATOS DE COLABORACION  |2 CL-VaPUC  |9 531299 
650 0 |a Sociedades comerciales   |9 257290 
650 0 |a Derecho comercial   |9 256340 
650 0 |a Empresas comerciales  |9 334163 
650 0 |a Joint ventures   |9 430294 
583 |a last modification  |c 20080731 00:00:00  |k Rodrigo Vera 
999 |c 331028  |d 331026 
952 |0 0  |1 0  |4 0  |6 346_068200000000000_ZAL_1989  |7 0  |8 A  |9 417125  |a BIBDER  |b BIBDER  |d 2019-11-22  |i 446494K  |l 3  |m 1  |o 346.0682 ZAL 1989  |p 446494K  |r 2025-03-06  |s 2025-01-02  |w 2019-11-22  |y BK  |k DER